|
|
|
|
| LEADER |
00000nam a22000005a 4500 |
| 001 |
vtls010280145 |
| 003 |
SK-MaSNL |
| 005 |
20260301031800.0 |
| 008 |
180809s2010 xo 100 0 slo |
| 015 |
|
|
|a SNBA2012/01-00285
|
| 020 |
|
|
|a 9788070978412
|q (brož.)
|
| 035 |
|
|
|a 6B6D8D75-FFB5-487F-9A7F-3F83155D08DC
|
| 035 |
|
|
|a urn:nbn:sk:snk-amjhwt
|
| 035 |
|
|
|a urn:nbn:sk:snk-am001y75
|
| 040 |
|
|
|a SNK
|b slo
|c SNK
|e AACR2
|
| 041 |
0 |
|
|a slo
|a cze
|b eng
|
| 044 |
|
|
|a xo
|c SK
|
| 072 |
|
7 |
|a 34
|x Právo
|2 konspekt
|
| 080 |
|
|
|a 340.15
|2 2001
|
| 080 |
|
|
|a 343.3/.7
|2 2001
|
| 080 |
|
|
|a 347.132.14
|2 2001
|
| 080 |
|
|
|a (062.534)
|2 2001
|
| 080 |
|
|
|a 347
|2 2001
|
| 080 |
|
|
|a 342
|2 2001
|
| 111 |
2 |
|
|a Konferencie právnych romanistov Slovenskej republiky a Českej republiky
|n (12. :
|d 2010 :
|c Košice, Slovensko)
|9 327874
|
| 245 |
1 |
0 |
|a Delicta privata a crimina publica v rímskom práve
|b (zborník príspevkov z 12. konferencie právnych romanistov Slovenskej republiky a Českej republiky, 21.-23. máj 2010) : konferencia bola organizovaná v rámci riešenia grantového projektu VEGA č. 1/0059/09 "Právna úprava civilných deliktov - riešenia a východiská rímskych klasických právnikov a ich vplyv na vývoj moderného práva"
|c [zostavovateľ: Blažena Antalová, Ladislav Soliar]
|
| 250 |
|
|
|a 1. vyd.
|
| 260 |
|
|
|a Košice
|b Univerzita Pavla Jozefa Šafárika
|c 2010
|
| 300 |
|
|
|a 193 s.
|c 24 cm
|
| 366 |
|
|
|e 100 výt.
|
| 504 |
|
|
|a Pozn.
|
| 546 |
|
|
|a Čiast. text čes. Res. angl.
|
| 650 |
0 |
7 |
|a rímske právo
|2 SNKPH
|9 983
|
| 650 |
0 |
7 |
|a Roman law
|2 SNKPHeng
|9 319118
|
| 650 |
0 |
7 |
|a Crime
|2 SNKPHeng
|9 267400
|
| 650 |
0 |
7 |
|a trestné činy
|2 SNKPH
|9 2181
|
| 650 |
0 |
7 |
|a Torts
|2 SNKPHeng
|9 327875
|
| 650 |
0 |
7 |
|a protiprávne úkony
|2 SNKPH
|9 183835
|
| 650 |
0 |
7 |
|a Private law
|2 SNKPHeng
|9 324010
|
| 650 |
0 |
7 |
|a súkromné právo
|2 SNKPH
|9 2244
|
| 650 |
0 |
7 |
|a Public law
|2 SNKPHeng
|9 319053
|
| 650 |
0 |
7 |
|a verejné právo
|2 SNKPH
|9 985
|
| 655 |
|
7 |
|a zborníky konferencií
|2 SNKPH
|9 70153
|
| 655 |
|
7 |
|a Proceedings of conferences
|2 SNKPHeng
|9 265791
|
| 700 |
1 |
|
|a Antalová, Blažena
|4 com
|9 10449
|
| 700 |
1 |
|
|a Soliar, Ladislav,
|d 1969-2021
|4 com
|9 206827
|
| 919 |
|
|
|a 978-80-7097-841-2
|
| 958 |
|
|
|a OND
|
| 968 |
|
|
|d 34
|
| 999 |
|
|
|c 577300
|d 579230
|
| 952 |
|
|
|a SNK
|b SNK
|y PREZ
|7 0
|p 17A0703193
|o snkSC 145517
|i snk2011/11731
|8 0
|0 0
|1 0
|4 0
|d 2011-05-20
|l 0
|r 2025-07-15 00:00:00
|w 2026-02-23
|
| 952 |
|
|
|a SNK
|b SNK
|y VYP
|7 0
|p 17A0703194
|o snkSC 145517 D1
|i snk2011/11732
|8 0
|0 0
|1 0
|4 0
|d 2011-05-20
|l 0
|r 2026-02-23 14:37:52
|w 2026-02-23
|